Historia de las ideas psicológicas

Guardat en:
Dades bibliogràfiques
Autor principal: Carpintero, Helio (Autor)
Format: Llibre
Idioma:espanyol
Publicat: Madrid Pirámide 1996
Col·lecció:Colección Psicología
Matèries:
Etiquetes: Afegir etiqueta
Sense etiquetes, Sigues el primer a etiquetar aquest registre!

MARC

LEADER 00000nam a2200000 a 4500
001 UCS4470
003 CL-VaPUC
008 970801e19960000SP |||||||||||||||||spa|d
082 0 4 |a 150.19  |b CAR  |2 21 
100 0 |a Carpintero, Helio  |e author  |9 390356 
245 1 0 |a Historia de las ideas psicológicas 
300 |a 486 p 
942 |c BK 
945 |d 19970801 00:00:00  |a jquezada 
260 |a Madrid  |b Pirámide  |c 1996 
600 0 |a Freud, Sigmund  |e author   |9 307892 
650 0 |a Psicología   |9 257863 
650 0 |a Psicología evolutiva   |9 271069 
650 0 |a Positivismo  |9 269460 
650 7 |a PSICOLOGIA EXPERIMENTAL  |2 CL-VaPUC  |9 309015 
650 0 |a Psicoanálisis   |9 265702 
650 0 |a Cognición   |9 270347 
583 |a last modification  |c 20130101 08:25:41  |k Rodrigo Vera 
490 0 |a Colección Psicología 
999 |c 261502  |d 261500 
952 |0 0  |1 0  |4 0  |6 150_190000000000000_CAR_1996  |7 0  |8 A  |9 288969  |a BIBEDU  |b BIBEDU  |d 2019-11-19  |i 3338703  |o 150.19 CAR 1996  |p 3338703  |r 2019-11-19  |w 2019-11-19  |y BK  |k PSI